Statistics for Charles M. Schulz–Sonoma County Destinations (Santa Rosa, CA, USA)

Click here to take the quiz!

General Stats

  • This quiz has been taken 10 times
  • The average score is 6 of 11

Answer Stats

AirlineDestination% Correct
Alaska AirlinesLos Angeles
100%
Alaska AirlinesSeattle/Tacoma
100%
Avelo AirlinesLas Vegas
67%
Alaska AirlinesPortland (OR)
67%
Alaska AirlinesSan Diego
67%
American EaglePhoenix (Sky Harbor)
56%
American EagleDallas/Fort Worth
44%
Alaska Airlines/Avelo AirlinesBurbank
33%
Alaska AirlinesOrange County
33%
Avelo AirlinesPalm Springs
22%
Avelo AirlinesRedmond/Bend
0%

Score Distribution

Percentile by Number Answered

Percent of People with Each Score

Your Score History

You have not taken this quiz